| 000 | 00433nam a22001577a 4500 | ||
|---|---|---|---|
| 005 | 20171205151212.0 | ||
| 008 | 171205b xxu||||| |||| 00| 0 eng d | ||
| 020 | _a978-1-5457-0852-1 | ||
| 041 | _aeng | ||
| 082 | _a692 | ||
| 100 |
_aSARANGI, SAGAR AND GOLDER, AMIT _94001 |
||
| 245 |
_aCONSTRUCTION TECHNOLOGY & PRACTICES _cSAGAR SARANGI AND AMIT GOLDER |
||
| 260 |
_aDELHI _bEDUCREATION PUBLISHING |
||
| 300 | _a194p, | ||
| 942 | _cBK | ||
| 999 |
_c5655 _d5653 |
||